000 01018cam a2200289 a 4500
001 78683
003 BD-RjUL
005 20211209083148.0
008 211101s1962 su a b f000 0 ara
035 _a(BD-RjUL)
040 _aDLC-R
_cDLC-R
_beng
041 _aara
082 _223
_a892.71
_bTAK 1962
100 0 _aṬāʼī, Abū Tammām Ḥabīb ibn Aws
_dactive 808-842.
_9249535
245 1 0 _a كتاب الحماسة ;; Kitāb al-Ḥamāsah /
_cأبو تمام حبيب بن اوس الطائي.;;Abu Tammam Habib bin Aws al-Tai.
250 _6880-03
_aal-Ṭabʻah 1.
260 _aبيروت . :
_b دار صادر،
_c1962
300 _a228 p. ;
_c22 cm.
490 1 _aMin al-turāth al-Islāmī
504 _aIncludes bibliographical references
650 0 _aArabic poetry
_yTo 622.
_9249537
650 0 _aArabic poetry
_yTo 622
_xHistory and criticism.
_9249538
942 _2ddc
_cBK
999 _c78683
_d78683